000 00904nam a2200253 4500
003 OSt
005 20240722023316.0
006 a
008 240722b |||||||| |||| 00| 0 eng d
020 _a9780750687195
040 _aDWCL-Main lib.
_cOC
082 _2Sixth edition
_aCirc. 621.3 S277s 2008
100 _aScaddan, Brian
245 _a17th edition IEE wiring regulations: inspection, testing and certification /
250 _aSixth edition
260 _aAmsterdam:
_bElsevier/Newnes,
_cc2008.
300 _axvi,
_b94 p. : ill. ;
_c21 cm.
504 _aIncludes index.
650 _a1. Electric wiring, Interior-Safety regulations-Great Britain.
650 _a2. Electric wiring, Interior-Handbooks, manuals, etc.
650 _a3. Electric wiring, Interior-Inspection-Great Britain.
650 _a4. Electric wiring, Interior-Testing.
942 _2ddc
_n0
_cBK-CIRC
_eSixth edition
_kCirc.
999 _c2493
_d2493